| 000 | 00729cab a2200229 4500 | ||
|---|---|---|---|
| 001 | ABS57210 | ||
| 008 | 090401t1997 xxu||||| |||| 00| 0 eng d | ||
| 035 | _a(Sirsi) u79162 | ||
| 041 | _aeng | ||
| 100 | _aWilkinson, H. W. | ||
| 245 | _aTitle registration and the new Act | ||
| 260 | _c1997 | ||
| 350 | _a0 | ||
| 490 |
_aNew Law Journal _v147(6797) 20 June 1997, 925-927(3) |
||
| 520 | _aComments on the Land Registration Act 1997, which increases the numbers of transactions attracting compulsory registration at the land registry. | ||
| 650 | _aLAND REGISTRATION ACT 1997 | ||
| 650 | _aLAND REGISTRATION | ||
| 650 | _aHM LAND REGISTRY | ||
| 690 | _aPROPERTY LAW AND PRACTICE | ||
| 942 | _n0 | ||
| 948 | _c24/06/1997 | ||
| 999 |
_c49758 _d49758 |
||